000 01228nam a2200313 i 4500
003 EG-GICUC
005 20260310111233.0
008 260310s2004 Su ||||fr|||| 00| 0 ara d
040 _a EG-GICUC
_bara
_c EG-GICUC
_d EG-GICUC
_erda
041 0 _aara
082 0 4 _221
_a345.8223
_bف ؤ . ت
092 0 4 _221
099 _aLaw1 07345.8223 ف ؤ . ت 2004
100 0 _aفؤاد محمد موسى عبد الكريم
_eمؤلف.
245 1 2 _aالتظلم الوجوبي كشرط لقبول دعوي الألغاء أمام ديوان المظالم بالمملكة العربية السعودية /
_cدكتور فؤاد محمد موسى عبد الكريم.
264 1 _aالقاهرة :
_bدار النهضة العربية،
_c2004.
300 _a129 صفحة ؛
_c24 سم
336 _2rda content
_atext
337 _2rda media
_aComputer
338 _2rda carrier
_aOnline Resource
504 _a. 126-127ببليوجرافيا: صفحات.
546 _aالنص باللغة العربية
650 1 4 _aالقانون الأداري
650 1 4 _aدعوي الالغاء
651 1 _2qrmak
856 4 0 _uhttps://fll.law.cu.edu.eg/fulltext/bks/B07-03895.pdf
905 _a74
942 _2ddc
_n0
_cBK
_e21
999 _c65951
_d65951